| 000 | 00830nam a2200265 b 4500 | ||
|---|---|---|---|
| 001 | Mimo0002073043 | ||
| 003 | OSt | ||
| 005 | 20140827082025.0 | ||
| 008 | 060102s2005 esp spa | ||
| 020 | _a84-03-09645-3 | ||
| 040 |
_aSpMaBN _bspa _cBMC _erdc |
||
| 082 | _a612 | ||
| 082 | _a613 | ||
| 100 | 1 |
_aRoizen, Michael F. _924397 |
|
| 245 | 1 | 0 |
_aTú _b: ¿qué tal conoces tu cuerpo? : manual del usuario _cMichael F. Roizen y Mehmet C. Oz ; [traducción a español, María José Delgado ... et al.] |
| 250 | _a1ª ed | ||
| 260 |
_aMadrid _bAguilar _c2005 |
||
| 300 |
_a493 p. _bil. _c24 cm |
||
| 594 | _1Traducción de: You : the owner´s manual | ||
| 650 | 2 | 4 |
_aFisiología humana _9580 |
| 650 | 2 | 4 |
_aHigiene _919832 |
| 700 | 1 |
_aOz, Mehmet C. _924398 |
|
| 700 | 1 |
_aDelgado, María José _924399 |
|
| 942 |
_2ddc _cBK |
||
| 999 |
_c13252 _d13252 |
||